Máximos goleadores de la Copa Mundial de Fútbol - ¡Muerte súbita! - Estadísticas

Estadísticas generales
  • Esta prueba ha sido intentada 1.132 veces
  • La puntuación promedio es 4 de 15
Answers on the Grid
Answers color-coded by a green-red scale on the quiz's grid according to % correct below.
Miroslav Klose
Ronaldo
Gerd Müller
Just Fontaine
Lionel Messi
Pelé
Kylian Mbappé
Sándor Kocsis
Jürgen Klinsmann
Helmut Rahn
Gary Lineker
Gabriel Batistuta
Teófilo Cubillas
Thomas Müller
Grzegorz Lato
Eusébio
Paolo Rossi
Roberto Baggio
David Villa
Harry Kane
Neymar
Cristiano Ronaldo
Diego Maradona
Luis Suárez
Davor Suker
James Rodríguez
Thierry Henry
Zinédine Zidane
Zico
Michel Platini
 
Estadísticas de respuestas
Respuesta % Correcto
Kylian Mbappé
54%
Lionel Messi
54%
Pelé
52%
Miroslav Klose
50%
Ronaldo
44%
Gerd Müller
37%
Thomas Müller
29%
Just Fontaine
26%
Gabriel Batistuta
20%
Jürgen Klinsmann
15%
Sándor Kocsis
11%
Teófilo Cubillas
11%
Gary Lineker
9%
Helmut Rahn
8%
Grzegorz Lato
7%
No se encontraron pruebas coincidentes
Distribución de puntuación
Porcentaje de gente con cada puntuación
Porcentaje por número respondido
Historial de tus puntuaciones
No has intentado esta prueba.